| 000 | 02891cam a22003614a 4500 | ||
|---|---|---|---|
| 001 | 16617867 | ||
| 003 | Nust- CAS-E | ||
| 005 | 20180118181406.0 | ||
| 008 | 110121s2012 nyua b 001 0 eng | ||
| 010 | _a 2011001982 | ||
| 020 | _a9780521195706 (hardback) | ||
| 020 | _a0521195705 (hardback) | ||
| 035 | _a(OCoLC)ocn701242196 | ||
| 040 |
_aDLC _cDLC _dYDX _dBTCTA _dYDXCP _dBWX _dCDX _dDLC |
||
| 042 | _apcc | ||
| 050 | 0 | 0 |
_aQC311.15 _b.K58 2012 |
| 082 | 0 | 0 |
_a536 _222 _bKLE |
| 100 | 1 |
_aKlein, Sanford A., _d1950- |
|
| 245 | 1 | 0 |
_aThermodynamics / _cSanford Klein, Gregory Nellis. |
| 260 |
_aNew York : _bCambridge University Press, _c2012. |
||
| 300 |
_axxvi, 1072 p. : _bill. ; _c27 cm. |
||
| 500 | _aMachine generated contents note: 1. Basic concepts; 2. Thermodynamic properties; 3. Energy and energy transport; 4. General application of the first law; 5. The second law of thermodynamics; 6. Entropy; 7. Exergy; 8. Power cycles; 9. Refrigeration and heat pump cycles; 10. Property relations for pure fluids; 11. Mixtures and multi-component phase equilibrium; 12. Psychometrics; 13. Combustion; 14. Chemical equilibrium; 15. Statistical thermodynamics; 16. Compressible flow. | ||
| 502 | _a0 | ||
| 504 | _aIncludes bibliographical references and index. | ||
| 520 | _a"The objective of this comprehensive text is to provide engineers with the concepts, tools, and experience needed to solve practical real-world energy problems using modern computing tools"-- | ||
| 520 | _a"This book differs from other thermodynamics texts in its objective which is to provide engineers with the concepts, tools, and experience needed to solve practical real-world energy problems. The presentation integrates computer tools (e.g., EES) with thermodynamic concepts to allow engineering students and practicing engineers to solve problems they would otherwise not be able to solve. The use of examples, solved and explained in detail, and supported with property diagrams that are drawn to scale, is ubiquitous in this textbook. The examples are not trivial, drill problems, but rather complex and timely real world problems that are of interest by themselves. As with the presentation, the solutions to these examples are complete and do not skip steps. Similarly the book includes numerous end of chapter problems, both typeset and online. Most of these problems are more detailed than those found in other thermodynamics textbooks. The supplements include complete solutions to all exercises, lecture slides, software downloads, and additional content on selected topics"-- | ||
| 650 | 0 | _aThermodynamics. | |
| 650 | 0 |
_aEngineering _vProblems, exercises, etc. |
|
| 700 | 1 | _aNellis, Gregory. | |
| 906 |
_a7 _bcbc _corignew _d1 _eecip _f20 _gy-gencatlg |
||
| 942 |
_2ddc _cBK |
||
| 999 |
_c355590 _d355590 |
||